000 00296nam a2200133 i 4500
001 bg
100 1 _aCHARRISON, U.
245 0 _aTeorija tvardogo tela /
_cU. Charrison.
260 _aMoskwa,
_c1972.
040 _cBPK
041 _apol
942 _cKS
008 s pl f |000 0 pol
999 _c7556
_d7556
856 _uhttp://koha.tu.koszalin.pl/cgi-bin/koha/opac-detail.pl?biblionumber=7556
_yKatalog online BPK